000 00390pab a2200157 454500
008 180718b2003 xxu||||| |||| 00| 0 eng d
100 _aMishra, Pramod
245 _aDelhi water situation: time to wake up
260 _c2003
300 _ap.30-35.
362 _aOct-Dec
650 _aWater resources - India - Delhi
650 _aWater resources
773 _aNagarlok
909 _a60681
999 _c60681
_d60681